Bases para el cultivo del granado en Chile

Guardat en:
Dades bibliogràfiques
Autors principals: Henríquez S., José Luis (autor), Franck B., Nicolás (Autor)
Format: Llibre
Idioma:espanyol
Publicat: Santiago Facultad de Ciencias Agronómicas Universidad de Chile 2015
Edició:1a. ed
Col·lecció:Ciencias Agronómicas, 25
Matèries:
Etiquetes: Afegir etiqueta
Sense etiquetes, Sigues el primer a etiquetar aquest registre!

MARC

LEADER 00000cam a2200000 a 4500
001 UCD6923
003 CL-VaPUC
008 170303e20150000cl |||||||||||||||||spa|d
020 |a 9789561909250 
082 0 4 |a 634.64  |b HEN  |2 21 
100 |a Henríquez S., José Luis  |e autor  |9 590800 
700 0 |a Franck B., Nicolás  |e author  |9 590801 
245 1 0 |a Bases para el cultivo del granado en Chile 
250 |a 1a. ed 
300 |a 317 p 
942 |c BK 
945 |d 20170303 17:35:00  |a dcastane 
260 |a Santiago  |b Facultad de Ciencias Agronómicas Universidad de Chile  |c 2015 
650 7 |a GRANADA  |2 CL-VaPUC  |9 259701 
650 0 |a Fruticultura  |9 259678 
650 7 |a COSECHA DE PRODUCTOS  |2 CL-VaPUC  |9 590802 
583 |a last modification  |c 20170303 17:35:00  |k Rodrigo Vera 
490 0 |a Ciencias Agronómicas, 25 
999 |c 367095  |d 367093 
952 |0 0  |1 0  |3 erd  |4 0  |6 634_640000000000000_HEN_2015  |7 0  |8 A  |9 481783  |a BIBAGR  |b BIBAGR  |i 5361621  |o 634.64 HEN 2015  |p 5361621  |r 2025-01-20  |w 2019-11-24  |y BK  |z Catalogado en:20170303  |k AGR